Click Quiz: City to Airport Codes - Statistics

General Stats
  • This quiz has been taken 130 times
  • The average score is 37 of 50
Answer Stats
Hint Answer % Correct
Madrid MAD
95%
Amsterdam AMS
93%
Bogotá BOG
93%
Denver DEN
93%
Mexico City MEX
93%
Miami MIA
93%
Seattle SEA
93%
Atlanta ATL
92%
Bangkok BKK
92%
Doha DOH
92%
Frankfurt FRA
92%
Jeddah JED
92%
Phoenix PHX
92%
Boston BOS
91%
Delhi DEL
91%
Kuala Lumpur KUL
89%
San Francisco SFO
89%
Barcelona BCN
88%
Istanbul IST
88%
New York JFK
88%
Los Angeles LAX
87%
Las Vegas LAS
86%
Manila MNL
86%
Paris CDG
84%
Charlotte CLT
84%
Xi'an XIY
84%
Dubai DXB
81%
Kunming KMG
81%
London LHR
81%
Singapore SIN
79%
Hangzhou HGH
76%
Dallas DFW
75%
Mumbai BOM
74%
Beijing PEK
72%
Rome FCO
66%
Shenzhen SZX
66%
Newark EWR
64%
Toronto YYZ
61%
Tokyo HND
59%
Chicago ORD
58%
Houston IAH
53%
Seoul ICN
52%
Ho Chi Minh City SGN
51%
São Paulo GRU
47%
Orlando MCO
47%
Chongqing CKG
38%
Shanghai PVG
38%
Guangzhou CAN
25%
Jakarta CGK
19%
Chengdu TFU
12%
No matching quizzes found
Score Distribution
Percent of People with Each Score
Percentile by Number Answered
Your Score History
You have not taken this quiz